000 00522nam a2200181Ia 4500
005 20250423094942.0
008 250422s9999 xx 000 0 und d
020 _a9783035621631
050 _aNA 111 .S64/
100 _aSpencer, Douglas
245 0 _aCritique of Architecture
260 _aGütersloh-Berlin
260 _bBauverlag ; Basel : Birkhäuser
260 _c2022
300 _a227 p
650 _a Architecture and society. Architecture--Political aspects. Architecture--Economic aspects.
942 _cBK
999 _c28791
_d28791